|
|
|
|
| LEADER |
00000cam a2200000 7i4500 |
| 001 |
0000002138 |
| 005 |
20021126.0 |
| 020 |
0 |
0 |
|a 9834065310
|
| 090 |
0 |
0 |
|a JPSM363.6809595
|b CON 2002
|
| 110 |
1 |
0 |
|a The CONCEPT of Park Development in Malaysia
|k 2000
|j Kangar, Perlis
|
| 245 |
1 |
0 |
|a The Concept ... :
|b institutional framework, management and operation :
|b proceedings of a seminar, June 13, 2000, Kangar, Perlis
|c edited by Kasim Osmn and Rahimatsah Amat
|
| 260 |
0 |
0 |
|a Kangar, Perlis :
|b Jabatan Perhutanan Negeri Perlis ,
|c 2002
|
| 300 |
|
|
|a ix, 73 p. :
|b maps ;
|c 30 cm.
|
| 650 |
0 |
0 |
|a Parks
|z Malaysia
|x Congresses
|
| 700 |
0 |
1 |
|a Kasim Osman
|
| 700 |
0 |
1 |
|a Rahimatsah Amat
|
| 998 |
|
|
|a JPSM
|
| 999 |
|
|
|a 0000003535
|b Monograph
|c Open Shelf
|e Default branch
|
| 999 |
|
|
|a 0000003536
|b Monograph
|c Open Shelf
|e Default branch
|
| 999 |
|
|
|a 0000003537
|b Monograph
|c Open Shelf
|e Default branch
|